000 01564nam a2200325 a 4500
001 60536
003 BD-RjUL
005 20211209080844.0
008 170101s1995 bg b s o000 0 eng d
020 _a9845081983
_c: Tk. 400.00
035 _a(BD-RjUL)60660
035 _a(OCoLC)ocm27450619
035 _a(NNC)1450898
040 _aDLC
_cDLC
_dDLC
_dBD-RjUL
_beng
041 0 _aengben
082 _223
_a304.6095492021
_bLAL 1995 (CS)
110 _aBangladesh Bureau Of Statistics.
_9179266
245 1 0 _aBangladesh population census, 1991 = বাংলাদেশ আদমশুমারী, ১৯৯১ :
_bCommunity series, Zila: Lalmonirhat = কমিউনিটি সিরিজ,জেলা:লালমিরহাট/
_cBangladesh Bureau Of Statistics.
246 _aবাংলাদেশ আদমশুমারী, ১৯৯১ :
_bকমিউনিটি সিরিজ, জেলা : লালমিরহাট
260 _aDhaka :
_bBBS,
_c1995.
300 _axiv, 110 p. :
_bIll. ;
_c28 cm.
490 _aCommunity series, Zila: Lalmonirhat
490 _aকমিউনিটি সিরিজ, জেলা: লালমিরহাট
500 _aPrefatory matter in Bengali and English.
651 _aBangladesh
_zLalmonirhat
_vCensus, 1991
_9180285
651 _aBangladesh
_zLalmonirhat
_xPopulation
_vStatistics.
_9180286
830 _aCommunity series, Zila : Lalmonirhat
_9180287
830 _aকমিউনিটি সিরিজ, জেলা : লালমিরহাট
_9181236
942 _2ddc
_cRAR
999 _c60536
_d60536